000 00290nam a22001337a 4500
008 181221b xxu||||| |||| 00| 0 eng d
020 _a772747
041 _aeng
080 _a316
100 _a50
101 _aSOC
245 _aRacial and Ethnic Groups
_cSchaefer, R.T
942 _2udc
_cBK
999 _c53620
_d53620